Les auteurs les plus adaptés au cinéma - Statistiques

Statistiques générales
  • Ce quiz a été pris 337 fois
  • Le résultat moyen est 2 sur 5
Statistiques - réponses
nombre d'adaptation nom de l'auteur % Correct
37 Stephen King
71%
environ 20 Agatha Christie
43%
plus de 80 William Shakespeare
29%
63 Alexandre Dumas
24%
environ 30 Jules Verne
24%
Aucun quiz correspondant
Distribution des résultats
% des personnes avec chaque résultat
Percentile par nombre de réponses
Votre historique - résultats
Vous n’avez pas pris ce quiz